| 000 | 00471nam a22001817a 4500 | ||
|---|---|---|---|
| 003 | CEME | ||
| 005 | 20210628202900.0 | ||
| 008 | 210203b xxu||||| |||| 00| 0 eng d | ||
| 020 | _a0-8301-1270-X | ||
| 040 | _c. | ||
| 082 | _a620.16 MET | ||
| 100 |
_aJohnson, W.S _962132 |
||
| 245 | _aMetal matrix composites, testing analysis and failure modes | ||
| 260 |
_aUSA _c1989 |
||
| 300 | _a289P | ||
| 650 |
_aMETALLIC COMPOSITES- CONGRESSES, _962133 |
||
| 942 |
_cBK _2ddc |
||
| 999 |
_c571341 _d571341 |
||